Príklad aplikácie metódy úplnej konsolidácie v samospráve

Najdokonalejšou metódou konsolidácie je metóda úplnej konsolidácie. Vychádza z fikcie ekonomickej jednotky a využíva sa pre materské a dcérske spoločnosti. Materskou účtovnou jednotkou v Slovenskej republike na úrovni samosprávy môže byť obec alebo vyšší územný celok. Ilustračný príklad.

Gespeichert in:
Bibliographische Detailangaben
1. Verfasser: Brindzová, Zuzana
Format: Buchkapitel
Sprache:Slowakisch
Schlagworte:
Tags: Tag hinzufügen
Keine Tags, Fügen Sie das erste Tag hinzu!

MARC

LEADER 00000naa a2200000 4500
001 0222212
005 20240502073636.3
041 0 |a slo 
044 |a SK 
245 1 0 |a Príklad aplikácie metódy úplnej konsolidácie v samospráve  |c Zuzana Brindzová 
520 |a Najdokonalejšou metódou konsolidácie je metóda úplnej konsolidácie. Vychádza z fikcie ekonomickej jednotky a využíva sa pre materské a dcérske spoločnosti. Materskou účtovnou jednotkou v Slovenskej republike na úrovni samosprávy môže byť obec alebo vyšší územný celok. Ilustračný príklad. 
610 2 0 |a konsolidácia 
610 2 0 |a jednotka účtovná 
610 2 0 |a vyššie územné celky 
610 2 0 |a organizácie príspevkové 
610 2 0 |a organizácie rozpočtové 
610 2 0 |a závierka účtovná konsolidovaná 
100 1 |a Brindzová, Zuzana